[Event "Olympiad-45"]
[Site "Budapest"]
[Date "2024.09.20"]
[Round "9.2"]
[White "Mwale, Joseph"]
[Black "Lim Teck Guan, Rodney"]
[Result "1-0"]
[WhiteElo "2063"]
[BlackElo "1931"]
[PlyCount "85"]
[EventDate "2024.09.11"]
[EventType "team-swiss"]
[EventRounds "11"]
[EventCountry "HUN"]
[SourceTitle "EXT 2025"]
[Source "ChessBase"]
[SourceDate "2024.10.14"]
[SourceVersion "1"]
[SourceVersionDate "2024.10.14"]
[SourceQuality "1"]
[WhiteTeam "Malawi"]
[BlackTeam "Brunei Darussalam"]
[WhiteTeamCountry "MWI"]
[BlackTeamCountry "BRN"]

1. e4 c6 2. d4 d5 3. f3 e6 4. Nc3 Bb4 5. e5 b6 6. f4 Ba6 7. Bxa6 Nxa6 8. Nf3 c5 9. Qe2 Nb8 10. 0-0 Ne7 11. Nb5 cxd4 12. Qd3 a6 13. Nbxd4 Bc5 14. Be3 Nbc6 15. Nxc6 Nxc6 16. f5 Bxe3+ 17. Qxe3 exf5 18. e6 0-0 19. Ng5 f6 20. Nf7 Qc7 21. Rxf5 Ne7 22. Rf2 Qc5 23. Qg3 Rfe8 24. Re1 Ng6 25. h4 Qb4 26. Rf5 Qxh4 27. Qxh4 Nxh4 28. Rxd5 Ng6 29. Nd6 Rxe6 30. Rxe6 Nf4 31. Rxf6 Nxd5 32. Re6 Nc7 33. Re7 Nd5 34. Rb7 Rd8 35. Nf5 Nb4 36. Rxg7+ Kh8 37. Rb7 b5 38. Nh6 Rd1+ 39. Kh2 Nxc2 40. g4 Ne3 41. g5 Rd2+ 42. Kh3 Rc2 43. Rb8+ 1-0

[Event "Olympiad-45"]
[Site "Budapest"]
[Date "2024.09.15"]
[Round "5.56"]
[White "Kayonde, Andrew"]
[Black "Mwale, Joseph"]
[Result "1-0"]
[WhiteElo "2338"]
[BlackElo "2063"]
[PlyCount "69"]
[EventDate "2024.09.11"]
[EventType "team-swiss"]
[EventRounds "11"]
[EventCountry "HUN"]
[SourceTitle "EXT 2025"]
[Source "ChessBase"]
[SourceDate "2024.10.14"]
[SourceVersion "1"]
[SourceVersionDate "2024.10.14"]
[SourceQuality "1"]
[WhiteTeam "Zambia"]
[BlackTeam "Malawi"]
[WhiteTeamCountry "ZAM"]
[BlackTeamCountry "MWI"]

1. d4 Nf6 2. c4 e6 3. Nc3 Bb4 4. e3 d5 5. cxd5 exd5 6. Bd3 0-0 7. Nge2 Bd6 8. Nf4 Bxf4 9. exf4 Re8+ 10. Ne2 b6 11. b4 Nc6 12. Rb1 Nxd4 13. Bxh7+ Kxh7 14. Qxd4 Re4 15. Qd2 Qe8 16. f3 Re7 17. Kf2 Ba6 18. Ng3 Qb5 19. Bb2 Rae8 20. Be5 Nd7 21. Nf5 Nxe5 22. fxe5 Rxe5 23. Qg5 Rxf5 24. Qxf5+ Kg8 25. Rhe1 Re2+ 26. Kg3 c6 27. Rbc1 g6 28. Qf6 Bb7 29. Rcd1 Qc4 30. h4 Qxa2 31. Rxe2 Qxe2 32. h5 gxh5 33. Rh1 Qe6 34. Qd8+ Kg7 35. Rxh5 1-0

[Event "Olympiad-45"]
[Site "Budapest"]
[Date "2024.09.11"]
[Round "1.27"]
[White "Martinovic, Sasa"]
[Black "Mwale, Joseph"]
[Result "1-0"]
[WhiteElo "2563"]
[BlackElo "2063"]
[PlyCount "141"]
[EventDate "2024.09.11"]
[EventType "team-swiss"]
[EventRounds "11"]
[EventCountry "HUN"]
[SourceTitle "EXT 2025"]
[Source "ChessBase"]
[SourceDate "2024.10.14"]
[SourceVersion "1"]
[SourceVersionDate "2024.10.14"]
[SourceQuality "1"]
[WhiteTeam "Croatia"]
[BlackTeam "Malawi"]
[WhiteTeamCountry "CRO"]
[BlackTeamCountry "MWI"]

1. d4 e6 2. c4 Nf6 3. Nc3 Bb4 4. e3 d5 5. a3 Bxc3+ 6. bxc3 c5 7. cxd5 exd5 8. Bd3 Nc6 9. Ne2 0-0 10. f3 Re8 11. 0-0 Rb8 12. Nf4 b5 13. g4 a5 14. h4 b4 15. axb4 axb4 16. g5 Nd7 17. Nxd5 bxc3 18. Be4 Nf8 19. dxc5 Bh3 20. Rf2 Ne6 21. Nxc3 Nxc5 22. Qxd8 Nxd8 23. Rb2 Rxb2 24. Bxb2 Nxe4 25. Nxe4 Nc6 26. Kf2 Nb4 27. Bc3 Nd5 28. Bd4 Rc8 29. Ra7 Rc7 30. Ra5 Ne7 31. Nd6 Bd7 32. e4 Nc8 33. Ra8 h6 34. gxh6 gxh6 35. f4 Kh7 36. f5 Kg8 37. Ke3 Kf8 38. Bf6 Rc6 39. e5 Rc1 40. Rb8 Rc7 41. Kf4 Kg8 42. Kg4 Kh7 43. Kh5 Ba4 44. Kg4 Bd7 45. h5 Kg8 46. Kf4 Kf8 47. Ke4 Rc1 48. Kd4 Rd1+ 49. Ke3 Rc1 50. Kd2 Rc7 51. Kd3 Rc1 52. Rb7 Nxd6 53. Rxd7 Ne8 54. Be7+ Kg8 55. Ra7 Rc8 56. Ra1 Ng7 57. Ke4 Nxh5 58. f6 Ng3+ 59. Kf4 Ne2+ 60. Ke3 Nc3 61. Kd4 Nb5+ 62. Ke4 Nc3+ 63. Kf5 Nd5 64. Rg1+ Kh8 65. e6 fxe6+ 66. Kxe6 Nf4+ 67. Kd7 Ra8 68. f7 Ra7+ 69. Kd6 Ra6+ 70. Ke5 Ne6 71. Rg6 1-0

[Event "RSA-ch op"]
[Site "Durban"]
[Date "2024.07.06"]
[Round "9"]
[White "Mwale, Joseph"]
[Black "Mazibuko, Khanya"]
[Result "0-1"]
[WhiteElo "2070"]
[BlackElo "2014"]
[PlyCount "54"]
[EventDate "2024.06.29"]
[EventType "swiss"]
[EventRounds "11"]
[EventCountry "RSA"]
[SourceTitle "EXT 2025"]
[Source "ChessBase"]
[SourceDate "2024.10.14"]
[SourceVersion "1"]
[SourceVersionDate "2024.10.14"]
[SourceQuality "1"]

1. Nf3 Nf6 2. g3 g6 3. b4 Bg7 4. Bb2 0-0 5. Bg2 d5 6. 0-0 c6 7. d3 a5 8. bxa5 Qxa5 9. Nbd2 Bg4 10. c4 Nbd7 11. h3 Bxf3 12. Nxf3 dxc4 13. dxc4 Rfd8 14. Qc2 Qa4 15. Qb3 Nc5 16. Qe3 Ne6 17. Rfc1 Ng4 18. Qb6 Nf6 19. Bc3 Qa7 20. Qxa7 Rxa7 21. Rc2 Ne4 22. Be5 Bxe5 23. Nxe5 N4c5 24. Nd3 Nxd3 25. exd3 Rxd3 26. c5 Ra5 27. a4 Nxc5 0-1

[Event "RSA-ch op"]
[Site "Durban"]
[Date "2024.07.02"]
[Round "6"]
[White "Mgobhozi, Bhekinkosi"]
[Black "Mwale, Joseph"]
[Result "0-1"]
[WhiteElo "1999"]
[BlackElo "2070"]
[PlyCount "100"]
[EventDate "2024.06.29"]
[EventType "swiss"]
[EventRounds "11"]
[EventCountry "RSA"]
[SourceTitle "EXT 2025"]
[Source "ChessBase"]
[SourceDate "2024.10.14"]
[SourceVersion "1"]
[SourceVersionDate "2024.10.14"]
[SourceQuality "1"]

1. d4 Nf6 2. c4 e6 3. Nc3 Bb4 4. a3 Bxc3+ 5. bxc3 c5 6. e3 b6 7. Bd3 Nc6 8. Ne2 Ba6 9. e4 e5 10. 0-0 0-0 11. f4 exd4 12. e5 Ng4 13. cxd4 cxd4 14. Nxd4 Qh4 15. Nf3 Qe7 16. Qe2 f5 17. h3 Nh6 18. a4 Rfe8 19. Ba3 Qe6 20. Ng5 Qg6 21. h4 Nd4 22. Qd1 Qc6 23. Rc1 Bb7 24. Be4 fxe4 25. Qxd4 Nf5 26. Qd5+ Qxd5 27. cxd5 Bxd5 28. Rfe1 Rac8 29. Rcd1 Bc6 30. a5 Ba4 31. Ra1 Rc2 32. axb6 Nxh4 33. bxa7 Rxg2+ 34. Kh1 Bc6 35. Re3 h6 36. Nxe4 Rc2 37. Kg1 Bxe4 38. Rxe4 Nf3+ 39. Kf1 Nd2+ 40. Ke2 Nxe4+ 41. Kd3 Rc7 42. Bd6 Nxd6 43. a8Q Rxa8 44. Rxa8+ Nc8 45. f5 Kf7 46. Ke4 Rc4+ 47. Kd3 Rc1 48. Rb8 Ne7 49. Rb7 Nxf5 50. Rxd7+ Ke6 0-1

[Event "Titled Tuesday intern op 12th Mar Early"]
[Site "Chess.com INT"]
[Date "2024.03.12"]
[Round "5"]
[White "Cuenca Jimenez, Jose Fernando"]
[Black "Mwale, Joseph"]
[Result "1-0"]
[WhiteElo "2499"]
[BlackElo "2043"]
[PlyCount "87"]
[EventDate "2024.03.12"]
[EventType "swiss (blitz)"]
[EventRounds "11"]
[EventCountry "USA"]
[SourceTitle "CBM 219 Extra"]
[Source "ChessBase"]
[SourceDate "2024.05.31"]
[SourceVersion "1"]
[SourceVersionDate "2024.05.31"]
[SourceQuality "1"]

1. d4 d5 2. Bf4 e6 3. e3 Nf6 4. Nf3 c5 5. Nbd2 Nc6 6. c3 Be7 7. Bd3 0-0 8. Ne5 cxd4 9. exd4 Nxe5 10. dxe5 Nd7 11. Nf3 f5 12. h4 Nc5 13. Be2 Ne4 14. Rb1 Bc5 15. Nd4 Be7 16. g3 Bd7 17. f3 Nc5 18. Qd2 Rb8 19. Bg5 b5 20. Bxe7 Qxe7 21. f4 b4 22. c4 Ne4 23. Qe3 dxc4 24. Bxc4 Rfc8 25. b3 Nc3 26. Rb2 a5 27. 0-0 Ne4 28. Kh2 Kh8 29. Nf3 Bb5 30. Bxb5 Rxb5 31. Ng5 Rc3 32. Qe2 Nxg5 33. Qxb5 Nf7 34. Qe2 h6 35. Rc2 Qc5 36. Rxc3 bxc3 37. Rc1 Qd4 38. Qc2 g5 39. hxg5 hxg5 40. Rd1 Qe3 41. Rd3 Qe1 42. Rxc3 gxf4 43. gxf4 Qh4+ 44. Rh3 1-0

[Event "Titled Tuesday intern op 12th Mar Early"]
[Site "Chess.com INT"]
[Date "2024.03.12"]
[Round "6"]
[White "Moskalenko, Alexander"]
[Black "Mwale, Joseph"]
[Result "1/2-1/2"]
[WhiteElo "2430"]
[BlackElo "2043"]
[PlyCount "94"]
[EventDate "2024.03.12"]
[EventType "swiss (blitz)"]
[EventRounds "11"]
[EventCountry "USA"]
[SourceTitle "CBM 219 Extra"]
[Source "ChessBase"]
[SourceDate "2024.05.31"]
[SourceVersion "1"]
[SourceVersionDate "2024.05.31"]
[SourceQuality "1"]

1. e4 e6 2. d4 d5 3. Nd2 Nf6 4. e5 Nfd7 5. f4 c5 6. c3 Nc6 7. Ndf3 Qb6 8. h4 cxd4 9. cxd4 Bb4+ 10. Kf2 f6 11. Kg3 fxe5 12. fxe5 Ne7 13. Bd3 Nf5+ 14. Kh3 0-0 15. Ne2 Be7 16. Bg5 Bxg5 17. hxg5 Rf7 18. Qd2 Nf8 19. Ng3 Ng6 20. Nxf5 exf5 21. Kg3 f4+ 22. Kf2 Bg4 23. Bxg6 Qxg6 24. Rh4 Bxf3 25. gxf3 Rc8 26. Rc1 Rxc1 27. Qxc1 Qxg5 28. Qc8+ Rf8 29. Qe6+ Kh8 30. Rg4 Qd8 31. Kg2 Qa5 32. Qe7 Qd2+ 33. Kh3 Rg8 34. Qf7 Qf2 35. Qxf4 Qxb2 36. Rg2 Qb1 37. e6 Qh1+ 38. Qh2 Qf1 39. Kg4 Qd3 40. Qh5 Rf8 41. Kg3 Qxd4 42. e7 Qf4+ 43. Kf2 Qd2+ 44. Kf1 Qd1+ 45. Kf2 Qd2+ 46. Kf1 Qd1+ 47. Kf2 Qd2+ 1/2-1/2

[Event "Titled Tuesday intern op 12th Mar Early"]
[Site "Chess.com INT"]
[Date "2024.03.12"]
[Round "4"]
[White "Mwale, Joseph"]
[Black "Tarnowska, Aleksandra"]
[Result "1-0"]
[WhiteElo "2043"]
[BlackElo "1876"]
[PlyCount "93"]
[EventDate "2024.03.12"]
[EventType "swiss (blitz)"]
[EventRounds "11"]
[EventCountry "USA"]
[SourceTitle "CBM 219 Extra"]
[Source "ChessBase"]
[SourceDate "2024.05.31"]
[SourceVersion "1"]
[SourceVersionDate "2024.05.31"]
[SourceQuality "1"]

1. e4 c5 2. Nf3 e6 3. c4 a6 4. Nc3 Qc7 5. d4 cxd4 6. Nxd4 Bb4 7. Be3 Nf6 8. Qc2 Nc6 9. Be2 0-0 10. 0-0 Ne5 11. b3 Bd6 12. g3 Neg4 13. Bg5 h6 14. Bxf6 Nxf6 15. Rad1 Be5 16. Rd2 b6 17. Rfd1 Bb7 18. f4 Bxf4 19. gxf4 Qxf4 20. Bf3 Rac8 21. Rf2 d5 22. exd5 exd5 23. Nde2 Qg5+ 24. Rg2 Qe3+ 25. Rf2 dxc4 26. Bxb7 cxb3 27. axb3 Rc5 28. Bg2 Rg5 29. Rd3 Qe5 30. Rg3 Rxg3 31. hxg3 Qg5 32. Qc1 Qg6 33. Nf4 Qg5 34. Nd3 Qg6 35. Ne5 Qg5 36. Qxg5 hxg5 37. Nc6 Rc8 38. Ne7+ Kf8 39. Nxc8 Nd7 40. Nd5 f6 41. Ncxb6 Ne5 42. Nc4 Ng4 43. Re2 a5 44. Nc7 a4 45. Ne6+ Kf7 46. Nd8+ Kg6 47. bxa4 1-0

[Event "Olympiad-44"]
[Site "Chennai"]
[Date "2022.08.08"]
[Round "10.1"]
[White "Bwalya, Gillan"]
[Black "Mwale, Joseph"]
[Result "1/2-1/2"]
[WhiteElo "2396"]
[BlackElo "2131"]
[PlyCount "176"]
[EventDate "2022.07.29"]
[EventType "team-swiss"]
[EventRounds "11"]
[EventCountry "IND"]
[SourceTitle "CBM 210"]
[Source "ChessBase"]
[SourceDate "2022.10.31"]
[SourceVersion "1"]
[SourceVersionDate "2022.10.31"]
[SourceQuality "1"]
[WhiteTeam "Zambia"]
[BlackTeam "Malawi"]
[WhiteTeamCountry "ZAM"]
[BlackTeamCountry "MWI"]

1. e4 e5 2. Nf3 Nf6 3. Nxe5 d6 4. Nf3 Nxe4 5. Nc3 Nxc3 6. dxc3 Be7 7. Be3 Nc6 8. Qd2 0-0 9. 0-0-0 Bf5 10. Rg1 Qd7 11. h3 Rae8 12. Kb1 a6 13. g4 Be4 14. Ne1 Ne5 15. Be2 Qc6 16. g5 Nc4 17. Bxc4 Qxc4 18. h4 Bg6 19. Ng2 Bh5 20. Rde1 d5 21. Nf4 Bf3 22. Rg3 Be4 23. f3 Bf5 24. b3 Qc6 25. Nxd5 Bd6 26. Rgg1 Re5 27. c4 Rfe8 28. Bf4 R5e6 29. Bxd6 Qxd6 30. Rxe6 Rxe6 31. Rd1 Kf8 32. Qf2 c6 33. c5 Qe5 34. Nb4 g6 35. Nd3 Qe3 36. Qg3 Bxd3 37. Rxd3 Qxc5 38. Rd8+ Kg7 39. Qb8 Re1+ 40. Kb2 Qe5+ 41. Qxe5+ Rxe5 42. Rd7 b5 43. Ra7 Rf5 44. Rxa6 Rxf3 45. Rxc6 Rf4 46. c4 b4 47. a3 Rf2+ 48. Ka1 Rf1+ 49. Kb2 Rf2+ 50. Kb1 Rf1+ 51. Kc2 Rf2+ 52. Kd3 Rf3+ 53. Kd4 Rxb3 54. axb4 Rxb4 55. Rf6 h6 56. Rf3 hxg5 57. hxg5 Rb1 58. c5 Kf8 59. Re3 Rd1+ 60. Kc4 Rg1 61. c6 Rc1+ 62. Kd5 f6 63. gxf6 Kf7 64. Rf3 Rd1+ 65. Kc5 Rc1+ 66. Kb6 Rb1+ 67. Ka7 Rc1 68. Kb7 Rb1+ 69. Kc8 Rc1 70. c7 Rc2 71. Rf4 Rc1 72. Kd7 Rd1+ 73. Kc6 Rc1+ 74. Kd6 Rc2 75. Rf1 Rd2+ 76. Kc6 Rc2+ 77. Kb7 Rb2+ 78. Kc8 Rc2 79. Rd1 Kxf6 80. Kd7 Kf5 81. c8Q Rxc8 82. Kxc8 g5 83. Kd7 g4 84. Rg1 Kf4 85. Ke6 g3 86. Rf1+ Ke3 87. Kf5 g2 88. Ra1 Kf2 1/2-1/2

[Event "Africa-ch"]
[Site "Lilongwe"]
[Date "2021.05.25"]
[Round "7"]
[White "Adly, Ahmed"]
[Black "Mwale, Joseph"]
[Result "1-0"]
[WhiteElo "2615"]
[BlackElo "2148"]
[PlyCount "57"]
[EventDate "2021.05.18"]
[EventType "swiss"]
[EventRounds "9"]
[EventCountry "MWI"]
[SourceTitle "CBM 202 Extra"]
[Source "ChessBase"]
[SourceDate "2021.07.31"]
[SourceVersion "1"]
[SourceVersionDate "2021.07.31"]
[SourceQuality "1"]

1. d4 Nf6 2. Nf3 e6 3. g3 d5 4. Bg2 c5 5. 0-0 Nc6 6. c4 dxc4 7. Ne5 Nxe5 8. dxe5 Qxd1 9. Rxd1 Nd5 10. Na3 Be7 11. Nxc4 0-0 12. e4 Nb4 13. a3 Nc6 14. Be3 b6 15. f4 Ba6 16. Nd6 Rfd8 17. b4 c4 18. b5 Bxd6 19. Rxd6 Bxb5 20. a4 Rxd6 21. exd6 Ba6 22. e5 Bb7 23. Rc1 Na5 24. Bxb7 Nxb7 25. Rxc4 f6 26. Rc7 Na5 27. Bd2 Rd8 28. Bxa5 bxa5 29. f5 1-0

[Event "Online Olym Div4 C"]
[Site "Chess.com INT"]
[Date "2020.08.02"]
[Round "7.2"]
[White "Mwale, Joseph"]
[Black "Boydia, Sidi"]
[Result "1/2-1/2"]
[WhiteElo "2159"]
[BlackElo "2040"]
[PlyCount "190"]
[EventDate "2020.07.31"]
[EventType "team-tourn (rapid)"]
[EventRounds "9"]
[EventCountry "USA"]
[SourceTitle "CBM 198"]
[Source "ChessBase"]
[SourceDate "2020.10.31"]
[SourceVersion "1"]
[SourceVersionDate "2020.10.31"]
[SourceQuality "1"]
[WhiteTeam "Malawi"]
[BlackTeam "Mauritania"]
[WhiteTeamCountry "MWI"]
[BlackTeamCountry "MAU"]

1. d4 Nf6 2. Nf3 e6 3. c4 d5 4. g3 c6 5. Bg2 Be7 6. 0-0 0-0 7. Nc3 dxc4 8. a4 c5 9. dxc5 Na6 10. c6 bxc6 11. Ne5 Nb4 12. Nxc4 Ba6 13. Ne5 Qc7 14. Bf4 Qb7 15. Rc1 Nbd5 16. Nxc6 Rfe8 17. Nxd5 Nxd5 18. Nxe7+ Rxe7 19. Be5 Rd7 20. Qc2 Rc8 21. Qxc8+ Qxc8 22. Rxc8+ Bxc8 23. Rc1 Bb7 24. e3 f6 25. Bd4 a6 26. a5 e5 27. Bb6 Kf7 28. h3 Ke6 29. Rb1 Nxb6 30. axb6 Bxg2 31. Kxg2 Rb7 32. Ra1 Rxb6 33. Ra5 Rxb2 34. Rxa6+ Kf7 35. Ra7+ Kg6 36. Kf3 Rc2 37. g4 Rc1 38. Rb7 Rh1 39. Kg2 Ra1 40. Rb6 h5 41. Rb7 hxg4 42. hxg4 Rc1 43. Kg3 Rc4 44. Kf3 Ra4 45. Kg3 Rc4 46. Rb8 Ra4 47. Rh8 Rc4 48. Rd8 Ra4 49. Rd3 Rc4 50. f3 Ra4 51. Rc3 Rb4 52. f4 exf4+ 53. exf4 Rb1 54. Rd3 Rg1+ 55. Kh4 Rh1+ 56. Rh3 Rg1 57. Rh2 f5 58. gxf5+ Kxf5 59. Rb2 Rg4+ 60. Kh5 Rg1 61. Rb5+ Kxf4 62. Rb7 Kf5 63. Rf7+ Ke6 64. Rf4 Ke5 65. Rg4 Rxg4 66. Kxg4 Kf6 67. Kf4 Kg6 68. Kg4 Kf6 69. Kf4 g6 70. Kg4 Kf7 71. Kg5 Kg7 72. Kg4 Kh6 73. Kh4 Kh7 74. Kg5 Kg7 75. Kg4 Kf6 76. Kf4 Ke6 77. Kg5 Kf7 78. Kg4 Kf6 79. Kf4 g5+ 80. Kg4 Kg6 81. Kg3 Kh5 82. Kh3 Kg6 83. Kg4 Kf6 84. Kg3 Kf5 85. Kf3 Kf6 86. Kg4 Kg6 87. Kg3 Kh5 88. Kh3 g4+ 89. Kg3 Kg5 90. Kg2 Kg6 91. Kg3 Kf5 92. Kg2 Ke6 93. Kg3 Kf5 94. Kg2 Ke4 95. Kg3 Kf5 1/2-1/2

[Event "Titled Tuesday intern op 21st April"]
[Site "Chess.com INT"]
[Date "2020.04.21"]
[Round "5"]
[White "Mwale, Joseph"]
[Black "Mahajan, Rushaan"]
[Result "1-0"]
[WhiteElo "2159"]
[BlackElo "2151"]
[PlyCount "37"]
[EventDate "2020.04.21"]
[EventType "swiss (blitz)"]
[EventRounds "10"]
[EventCountry "USA"]
[SourceTitle "EXT 2021"]
[Source "ChessBase"]
[SourceDate "2020.10.23"]
[SourceVersion "1"]
[SourceVersionDate "2020.10.23"]
[SourceQuality "1"]

1. e4 e6 2. d4 d5 3. Nd2 Nf6 4. e5 Nfd7 5. Bd3 c5 6. c3 Nc6 7. Ne2 Be7 8. f4 b6 9. Nf3 Bb7 10. 0-0 Qc7 11. f5 0-0-0 12. a4 a5 13. Nf4 exf5 14. Bxf5 g6 15. Bh3 Ncb8 16. e6 Nf6 17. exf7+ Nbd7 18. Ne6 Qd6 19. Bf4 1-0

[Event "Africa-ch Blitz"]
[Site "Casablanca"]
[Date "2019.08.28"]
[Round "7.8"]
[White "Aithmidou, Mohamed Mehdi"]
[Black "Mwale, Joseph"]
[Result "1-0"]
[WhiteElo "2276"]
[BlackElo "2205"]
[PlyCount "115"]
[EventDate "2019.08.28"]
[EventType "swiss (blitz)"]
[EventRounds "9"]
[EventCountry "MAR"]
[SourceTitle "EXT 2024"]
[Source "ChessBase"]
[SourceDate "2023.10.10"]
[SourceVersion "1"]
[SourceVersionDate "2023.10.10"]
[SourceQuality "1"]

1. e4 e5 2. Nf3 Nc6 3. Bc4 Nf6 4. d3 Bc5 5. h3 d6 6. c3 0-0 7. 0-0 Ne7 8. d4 Bb6 9. dxe5 Nxe4 10. Qe2 d5 11. Bd3 Ng3 12. Qc2 Nxf1 13. Kxf1 Ng6 14. Bg5 Qe8 15. Qe2 h6 16. Bd2 Qe7 17. Na3 Re8 18. Re1 Nh4 19. Nd4 a6 20. Bc1 c5 21. Nf3 Nxf3 22. Qxf3 Be6 23. Nc2 c4 24. Be2 Rad8 25. Nd4 Bxd4 26. cxd4 b5 27. Bd1 Qh4 28. Bf4 Bf5 29. Kg1 Be4 30. Qe3 b4 31. Bg3 Qe7 32. f3 Bd3 33. Ba4 Rf8 34. f4 a5 35. Qf3 Qe6 36. Bd1 Qf5 37. Qf2 c3 38. Bg4 Qg6 39. e6 Rfe8 40. f5 Qg5 41. bxc3 fxe6 42. Bh4 bxc3 43. Bxg5 hxg5 44. fxe6 c2 45. Qd2 Be4 46. Rc1 Rb8 47. Rxc2 Bxc2 48. Qxc2 Re7 49. Qg6 Rb2 50. Bf5 Kf8 51. Qh5 Reb7 52. Qh8+ Ke7 53. Qxg7+ Kd6 54. Qe5+ Ke7 55. Qg7+ Kd6 56. Qf8+ Kc6 57. e7 Re2 58. e8Q+ 1-0

[Event "Africa-ch Blitz"]
[Site "Casablanca"]
[Date "2019.08.28"]
[Round "9.9"]
[White "Eichab, Charles Sidney"]
[Black "Mwale, Joseph"]
[Result "0-1"]
[WhiteElo "2016"]
[BlackElo "2205"]
[PlyCount "52"]
[EventDate "2019.08.28"]
[EventType "swiss (blitz)"]
[EventRounds "9"]
[EventCountry "MAR"]
[SourceTitle "EXT 2024"]
[Source "ChessBase"]
[SourceDate "2023.10.10"]
[SourceVersion "1"]
[SourceVersionDate "2023.10.10"]
[SourceQuality "1"]

1. c4 e6 2. g3 Nf6 3. Bg2 d5 4. Nf3 Be7 5. 0-0 0-0 6. b3 c5 7. Bb2 d4 8. e3 Nc6 9. exd4 cxd4 10. d3 e5 11. a3 Re8 12. Nbd2 Bf5 13. Qe2 Bd6 14. Ne4 Nxe4 15. dxe4 Bg4 16. Qd3 a5 17. Ne1 Qb6 18. Qc2 Rac8 19. Nd3 Bf8 20. c5 Qb5 21. Rfb1 b6 22. Bf1 Be6 23. Nb4 Nxb4 24. axb4 Qxb4 25. Qd3 Bxc5 26. Ra4 Qxb3 0-1

[Event "African-ch rapid"]
[Site "Casablanca"]
[Date "2019.08.26"]
[Round "2"]
[White "Mwale, Joseph"]
[Black "Naipal, Hoolan"]
[Result "1-0"]
[WhiteElo "2231"]
[BlackElo "1785"]
[PlyCount "65"]
[EventDate "2019.08.26"]
[EventType "swiss (rapid)"]
[EventRounds "9"]
[EventCountry "MAR"]
[SourceTitle "EXT 2020"]
[Source "ChessBase"]
[SourceDate "2019.10.17"]
[SourceVersion "1"]
[SourceVersionDate "2019.10.17"]
[SourceQuality "1"]

1. d4 Nf6 2. c4 e6 3. g3 d5 4. Bg2 Bb4+ 5. Bd2 Be7 6. Qc2 c6 7. Nf3 0-0 8. 0-0 Nbd7 9. Nc3 dxc4 10. a4 Qc7 11. e4 e5 12. dxe5 Nxe5 13. Bf4 Bd6 14. Nd4 Ng6 15. Bg5 h6 16. Bxf6 gxf6 17. Nf5 Bxf5 18. exf5 Ne5 19. Rad1 Kg7 20. Rd4 Rh8 21. Ne4 Be7 22. f4 Ng4 23. Qe2 h5 24. Kh1 b5 25. axb5 cxb5 26. Nc3 Rae8 27. Re4 Qc5 28. Nd1 a5 29. Re1 b4 30. h3 c3 31. bxc3 bxc3 32. Rc4 Qxf5 33. Be4 1-0

[Event "Africa-chT rapid"]
[Site "Casablanca"]
[Date "2019.08.25"]
[Round "9.1"]
[White "Adly, Ahmed"]
[Black "Mwale, Joseph"]
[Result "1-0"]
[WhiteElo "2636"]
[BlackElo "2231"]
[PlyCount "67"]
[EventDate "2019.08.24"]
[EventType "team-swiss (rapid)"]
[EventRounds "9"]
[EventCountry "MAR"]
[SourceTitle "EXT 2020"]
[Source "ChessBase"]
[SourceDate "2019.10.17"]
[SourceVersion "1"]
[SourceVersionDate "2019.10.17"]
[SourceQuality "1"]
[WhiteTeam "Egypt"]
[BlackTeam "Malawi"]
[WhiteTeamCountry "EGY"]
[BlackTeamCountry "MWI"]

1. e4 e5 2. Bc4 Nf6 3. d3 Nc6 4. Nc3 Na5 5. Bb5 a6 6. Ba4 b5 7. Bb3 Nxb3 8. axb3 Bb4 9. Nf3 d5 10. 0-0 Bxc3 11. bxc3 dxe4 12. Nxe5 0-0 13. d4 Re8 14. f3 Bb7 15. Bg5 exf3 16. Nxf3 Re6 17. c4 bxc4 18. bxc4 h6 19. Bh4 Qe7 20. Ra5 Rd8 21. Rf5 Be4 22. Rf4 g5 23. Nxg5 hxg5 24. Bxg5 Rdd6 25. c5 Rc6 26. c4 Kg7 27. Qe1 Bg6 28. Bxf6+ Qxf6 29. Rxf6 Rxe1 30. Rxc6 Re2 31. Rxc7 a5 32. h3 a4 33. Ra7 Rd2 34. d5 1-0

[Event "Africa-chT rapid"]
[Site "Casablanca"]
[Date "2019.08.25"]
[Round "6.6"]
[White "Chumfwa, Stanley"]
[Black "Mwale, Joseph"]
[Result "0-1"]
[WhiteElo "2317"]
[BlackElo "2231"]
[PlyCount "130"]
[EventDate "2019.08.24"]
[EventType "team-swiss (rapid)"]
[EventRounds "9"]
[EventCountry "MAR"]
[SourceTitle "EXT 2020"]
[Source "ChessBase"]
[SourceDate "2019.10.17"]
[SourceVersion "1"]
[SourceVersionDate "2019.10.17"]
[SourceQuality "1"]
[WhiteTeam "Zambia"]
[BlackTeam "Malawi"]
[WhiteTeamCountry "ZAM"]
[BlackTeamCountry "MWI"]

1. Nf3 Nf6 2. d4 e6 3. c4 d5 4. Nc3 Be7 5. Bg5 h6 6. Bxf6 Bxf6 7. e3 0-0 8. Rc1 c5 9. cxd5 cxd4 10. Nxd4 exd5 11. Be2 Nc6 12. Nxc6 bxc6 13. 0-0 Be6 14. Na4 Qd6 15. b3 Be5 16. g3 Bh3 17. Re1 d4 18. exd4 Bxd4 19. Bg4 Bxg4 20. Qxg4 c5 21. Qf3 Rae8 22. Kg2 Re6 23. Qd3 Rfe8 24. Rxe6 Rxe6 25. Rc2 Re1 26. Qf3 Qg6 27. Re2 Qb1 28. Rxe1 Qxe1 29. h3 g6 30. h4 h5 31. Qf4 Qe2 32. b4 Qxa2 33. Nxc5 Bxc5 34. bxc5 Qd5+ 35. f3 Qxc5 36. g4 hxg4 37. fxg4 a5 38. Qa4 Qd5+ 39. Kg3 Qd3+ 40. Kg2 Qd2+ 41. Kg3 Qc3+ 42. Kg2 Kg7 43. g5 Kh7 44. Qa2 Kg8 45. Qa4 Qd2+ 46. Kg3 Kh7 47. Qc4 Qe1+ 48. Kg2 Qe6 49. Qa4 Qd5+ 50. Kg3 Qd3+ 51. Kg2 Qd5+ 52. Kh3 Qe5 53. Kg2 Qf5 54. Kg3 Qc5 55. Qa2 Qg1+ 56. Kf3 Qf1+ 57. Kg3 Qe1+ 58. Kf3 Kg8 59. Qa4 Kf8 60. Qd4 Kg8 61. Qa4 Qb4 62. Qe8+ Kg7 63. Qe5+ Kh7 64. Qe8 Qb3+ 65. Kg4 Qe6+ 0-1